Family relations: interdisciplinary journal of applied family studies
| Corporate Author: | |
|---|---|
| Format: | Print Journal |
| Language: | English |
| Published: |
Hoboken, NJ
Wiley
1980-
Minneapolis, Minn. Blackwell anfangs Malden, MA Wiley früher Malden, MA früher |
| In: | Year: 1980 |
| Check availability: | HBZ Gateway |
| Subito Delivery Service: | Order now. |
| Volumes / Articles: | Show volumes/articles. |
| Keywords: | |
| Parallel Edition: | Electronic
|
MARC
| LEADER | 00000cas a2200000 c 4500 | ||
|---|---|---|---|
| 001 | 129569356 | ||
| 003 | DE-627 | ||
| 005 | 20260207115705.0 | ||
| 007 | tu | ||
| 008 | 931114c19809999xxuz| p| 0 |0eng c | ||
| 016 | 7 | |a 011333944 |2 DE-101 | |
| 016 | 7 | |a 224918-2 |2 DE-600 | |
| 022 | |a 0197-6664 | ||
| 022 | |a 0014-7214 | ||
| 024 | 7 | |a 00333670 |2 swets | |
| 035 | |a (DE-627)129569356 | ||
| 035 | |a (DE-603)047386428 | ||
| 035 | |a (DE-576)015046370 | ||
| 035 | |a (DE-599)ZDB224918-2 | ||
| 035 | |a (OCoLC)1367275300 | ||
| 040 | |a DE-627 |b ger |c DE-627 |e rakwb | ||
| 041 | |a eng | ||
| 044 | |c XD-US | ||
| 082 | 0 | 4 | |a 150 |a 360 |q DE-600 |
| 084 | |a 5,2 |2 ssgn | ||
| 084 | |a MN 1000 |2 rvk |0 (DE-625)rvk/123401: | ||
| 084 | |a 71.21 |2 bkl | ||
| 084 | |a 77.63 |2 bkl | ||
| 210 | 1 | 0 | |a FAMR |
| 210 | 1 | 0 | |a Fam Relat |
| 245 | 0 | 0 | |a Family relations |b interdisciplinary journal of applied family studies |c publ. by the National Council on Family Relations |
| 264 | 3 | 1 | |a Hoboken, NJ |b Wiley |c 1980- |
| 264 | 2 | 1 | |a Minneapolis, Minn. |c anfangs |
| 264 | 2 | 1 | |a Malden, MA |b Blackwell |c früher |
| 264 | 2 | 1 | |a Malden, MA |b Wiley |c früher |
| 336 | |a Text |b txt |2 rdacontent | ||
| 337 | |a ohne Hilfsmittel zu benutzen |b n |2 rdamedia | ||
| 338 | |a Band |b nc |2 rdacarrier | ||
| 362 | 0 | |a 29.1980 - | |
| 363 | 0 | 1 | |a 29 |i 1980 |
| 500 | |a Einzelne Hefte als Spec. issue bez | ||
| 655 | 7 | |a Zeitschrift |0 (DE-588)4067488-5 |0 (DE-627)10454466X |0 (DE-576)20917000X |2 gnd-content | |
| 689 | 0 | 0 | |d s |0 (DE-588)4016397-0 |0 (DE-627)104427175 |0 (DE-576)208915818 |a Familie |2 gnd |
| 689 | 0 | 1 | |d s |0 (DE-588)4133957-5 |0 (DE-627)105676373 |0 (DE-576)209648201 |a Verwandtschaft |2 gnd |
| 689 | 0 | 2 | |d s |0 (DE-588)4014516-5 |0 (DE-627)106339788 |0 (DE-576)208908218 |a Eltern |2 gnd |
| 689 | 0 | |5 (DE-627) | |
| 710 | 2 | |a National Council on Family Relations |e Herausgebendes Organ |0 (DE-588)26045-9 |0 (DE-627)100674216 |0 (DE-576)190295961 |4 isb | |
| 776 | 1 | |x 1741-3729 | |
| 776 | 0 | 8 | |i Erscheint auch als |n Online-Ausg. |t Family relations |d Minneapolis, Minn. : NCFR, 1980 |h Online-Ressource |w (DE-627)324452853 |w (DE-600)2026606-6 |w (DE-576)103115587 |x 1741-3729 |k Electronic |
| 936 | r | v | |a MN 1000 |b Zeitschriften |k Soziologie |k Zeitschriften |0 (DE-627)1399012843 |0 (DE-625)rvk/123401: |0 (DE-576)329012843 |
| 936 | b | k | |a 71.21 |j Familie |j Verwandtschaft |x Soziologie |0 (DE-627)106416588 |
| 936 | b | k | |a 77.63 |j Soziale Interaktion |j soziale Beziehungen |0 (DE-627)106423460 |
| 936 | s | n | |a m200 |2 mzub |
| 951 | |a JT | ||
| ELC | |b 1 | ||
| LOK | |0 000 xxxxxcx a22 zn 4500 | ||
| LOK | |0 001 286954989X | ||
| LOK | |0 003 DE-627 | ||
| LOK | |0 004 129569356 | ||
| LOK | |0 005 20151101153420 | ||
| LOK | |0 008 151101||||||||||||||||ger||||||| | ||
| LOK | |0 040 |a DE-21-110 |c DE-627 |d DE-21-110 | ||
| LOK | |0 852 |z Kein Bestand am IfK; Nachweis für KrimDok | ||
| LOK | |0 852 |a DE-21-110 | ||
| LOK | |0 852 1 |m v |9 00 | ||
| LOK | |0 938 |k v | ||
| LOK | |0 939 |a 01-11-15 |b l01 | ||
| ORI | |a WA-MARC-krimdokb001.raw | ||
| SPR | |a 1 |t KRI | ||
